UBT Library

CELLULAR AND MOLECULAR BIOLOGY (Record no. 58699)

000 -LEADER
fixed length control field 00319nam a22001337a 4500
008 - FIXED-LENGTH DATA ELEMENTS--GENERAL INFORMATION
fixed length control field 221031b ||||| |||| 00| 0 eng d
020 ## - INTERNATIONAL STANDARD BOOK NUMBER
International Standard Book Number 9781680361063
041 ## - LANGUAGE CODE
Language code of text/sound track or separate title eng
080 ## - UNIVERSAL DECIMAL CLASSIFICATION NUMBER
Edition identifier SECOND EDITION
Universal Decimal Classification number 573
100 ## - Rafti
Rafti 573 BRI
101 ## - Shkurtesa
Shkurtesa BIO
245 ## - TITLE STATEMENT
Title CELLULAR AND MOLECULAR BIOLOGY
Statement of responsibility, etc BRIGGS L
942 ## - ADDED ENTRY ELEMENTS (KOHA)
Source of classification or shelving scheme
Item type Books
Holdings
Withdrawn status Lost status Source of classification or shelving scheme Damaged status Not for loan Collection code Permanent location Current location Date acquired Total Checkouts Full call number Barcode Date last seen Price effective from Koha item type
          Koleksioni i përgjithshem UBT - Lipjan UBT - Lipjan 10/31/2022   573 BRI 002-800028700260384 10/31/2022 10/31/2022 Books
          Koleksioni i përgjithshem UBT - Lipjan UBT - Lipjan 10/31/2022   573 BRI 002-800028700260387 10/31/2022 10/31/2022 Books
UBT Library © 2015-2024. All rights reserved University Education for Business and Technology